[Event "CAN-ch post secondary"]
[Site "Kingston"]
[Date "2009.01.16"]
[Round "1"]
[White "Cheng, Bindi"]
[Black "Chartrand, Jean Bruno"]
[Result "1-0"]
[WhiteElo "2369"]
[BlackElo "2004"]
[PlyCount "69"]
[EventDate "2009.01.16"]
[EventType "team"]
[EventRounds "5"]
[EventCountry "CAN"]
[SourceTitle "EXT 2011"]
[Source "ChessBase"]
[SourceDate "2010.11.26"]
[SourceVersion "1"]
[SourceVersionDate "2010.11.26"]
[SourceQuality "1"]

1. e4 Nf6 2. Nc3 d5 3. exd5 Nxd5 4. Bc4 Nb6 5. Bb3 Nc6 6. Qf3 e6 7. Nge2 Be7 8. d3 0-0 9. h4 Bd7 10. Qg3 Kh8 11. a3 Bd6 12. f4 Ne7 13. Bd2 Nf5 14. Qf2 Be7 15. 0-0-0 Bc6 16. Rh3 Bf6 17. g4 Nd4 18. Nxd4 Bxd4 19. Qh2 a5 20. Ne2 Bc5 21. h5 a4 22. Ba2 Nd5 23. g5 b5 24. c4 Ne7 25. Bc3 Kg8 26. g6 fxg6 27. hxg6 hxg6 28. d4 Bb6 29. d5 exd5 30. cxd5 Bxd5 31. Rxd5 Nxd5 32. Rh7 Kf7 33. Qg2 c6 34. Rxg7+ Ke6 35. Qe4+ 1-0

[Event "Gatineau Hull CC LEO-chA"]
[Site "Gatineau"]
[Date "2008.05.17"]
[Round "6"]
[White "Szalay, Karoly"]
[Black "Chartrand, Jean Bruno"]
[Result "1-0"]
[WhiteElo "2109"]
[BlackElo "1964"]
[PlyCount "75"]
[EventDate "2008.04.15"]
[EventType "tourn"]
[EventRounds "6"]
[EventCountry "CAN"]
[SourceTitle "EXT 2022"]
[Source "ChessBase"]
[SourceDate "2021.10.06"]
[SourceVersion "1"]
[SourceVersionDate "2021.10.06"]
[SourceQuality "1"]

1. e4 Nf6 2. e5 Nd5 3. d4 d6 4. c4 Nb6 5. exd6 cxd6 6. Nc3 g6 7. Be3 Bg7 8. Rc1 0-0 9. Bd3 Nc6 10. Nge2 Bd7 11. 0-0 e5 12. dxe5 dxe5 13. c5 Nc8 14. Bc4 N8e7 15. Ne4 Nf5 16. Bg5 Qc8 17. Nf6+ Bxf6 18. Bxf6 Be6 19. Ng3 Ng7 20. Bb5 Bf5 21. Bxc6 Qxc6 22. Bxe5 Rad8 23. Qb3 Be6 24. Qc3 Ne8 25. h3 f6 26. Bd4 Bd5 27. f3 Nc7 28. a4 Rf7 29. b4 a6 30. Rfe1 f5 31. Qa1 Ne6 32. Be5 Rfd7 33. Bd6 Rf7 34. Qe5 Re8 35. b5 axb5 36. axb5 Qxb5 37. Qxd5 Ng5 38. h4 1-0

[Event "Gatineau Hull CC LEO-chA"]
[Site "Gatineau"]
[Date "2008.04.22"]
[Round "2"]
[White "Brousseau, Yvan"]
[Black "Chartrand, Jean Bruno"]
[Result "0-1"]
[WhiteElo "2009"]
[BlackElo "1965"]
[PlyCount "111"]
[EventDate "2008.04.15"]
[EventType "tourn"]
[EventRounds "6"]
[EventCountry "CAN"]
[SourceTitle "EXT 2022"]
[Source "ChessBase"]
[SourceDate "2021.10.06"]
[SourceVersion "1"]
[SourceVersionDate "2021.10.06"]
[SourceQuality "1"]

1. b3 e5 2. Bb2 Nc6 3. e3 d5 4. Bb5 Bd6 5. f4 Qh4+ 6. g3 Qe7 7. Nf3 f6 8. Bxc6+ bxc6 9. fxe5 fxe5 10. Nxe5 Nf6 11. Nxc6 Qe4 12. 0-0 Bh3 13. Rf2 0-0 14. Nc3 Qg6 15. Ne2 Ng4 16. Rf4 Qh6 17. Ncd4 Bxf4 18. exf4 Nxh2 19. Kxh2 Bg4+ 20. Kg1 c5 21. Nb5 Qh5 22. Nbc3 d4 23. Qf1 Rae8 24. Nxd4 cxd4 25. Qc4+ Kh8 26. Qxd4 Rd8 27. Nd5 Rf7 28. c4 Be6 29. Nf6 Rxd4 30. Nxh5 Rxd2 31. Bc3 Rd3 32. Re1 Rxc3 33. Rxe6 h6 34. g4 Rc2 35. Kf1 Rd7 36. Ng3 Rxa2 37. Re2 Rxe2 38. Kxe2 Rb7 39. c5 Rxb3 40. Ne4 Rb7 41. Kd3 a5 42. Nc3 Kg8 43. Kd4 Kf8 44. c6 Rb4+ 45. Kc5 Ke8 46. Nd5 Rb1 47. Nb6 Kd8 48. Nc4 Rc1 49. Kb5 Rxc4 50. Kxc4 Kc7 51. Kb5 a4 52. Kxa4 Kxc6 53. g5 h5 54. f5 Kd6 55. f6 gxf6 56. g6 0-1

[Event "Mauricie op"]
[Site "Trois Rivieres"]
[Date "2008.03.29"]
[Round "2"]
[White "Arsenault, Nicolas"]
[Black "Chartrand, Jean Bruno"]
[Result "1-0"]
[WhiteElo "2208"]
[BlackElo "1964"]
[PlyCount "101"]
[EventDate "2008.03.28"]
[EventType "swiss"]
[EventRounds "5"]
[EventCountry "CAN"]
[SourceTitle "EXT 2011"]
[Source "ChessBase"]
[SourceDate "2010.11.26"]
[SourceVersion "1"]
[SourceVersionDate "2010.11.26"]
[SourceQuality "1"]

1. e4 Nf6 2. Nc3 d5 3. e5 d4 4. Nce2 Ne4 5. c3 dxc3 6. bxc3 Nc5 7. d4 Nca6 8. Ng3 e6 9. Nf3 c5 10. Bd3 cxd4 11. cxd4 Be7 12. 0-0 Nc7 13. Nh5 Kf8 14. Ng3 b6 15. Be4 Nd5 16. Qb3 Bb7 17. Bd2 Na6 18. Rfc1 Rc8 19. Rxc8 Qxc8 20. Rc1 Qd7 21. a3 h6 22. Bd3 Nac7 23. Ne4 g6 24. h4 Kg7 25. h5 g5 26. Bb1 Qb5 27. Qa2 Qa4 28. Nd6 Bxd6 29. exd6 Nb5 30. d7 Qxa3 31. Qc4 Ba6 32. Qc2 Qd6 33. Qa4 Nbc7 34. Ne5 Bb5 35. Qxa7 Ra8 36. Qb7 Bxd7 37. Be4 Bc8 38. Qc6 Qxc6 39. Rxc6 Bb7 40. Rd6 Ra1+ 41. Kh2 Bc8 42. Rd8 Ra8 43. Bb4 Bb7 44. Rd7 Ra4 45. Rxf7+ Kh8 46. Bh7 Nf4 47. Bd2 Ncd5 48. Rxb7 Ra2 49. Bxf4 Nxf4 50. Ng6+ Nxg6 51. Bxg6 1-0

[Event "Outaouais-ch A"]
[Site "Gatineau"]
[Date "2007.05.15"]
[Round "4"]
[White "Chartrand, Jean Bruno"]
[Black "Brousseau, Yvan"]
[Result "1/2-1/2"]
[WhiteElo "1920"]
[BlackElo "2128"]
[PlyCount "89"]
[EventDate "2007.04.24"]
[EventType "swiss"]
[EventRounds "6"]
[EventCountry "CAN"]
[SourceTitle "EXT 2022"]
[Source "ChessBase"]
[SourceDate "2021.10.06"]
[SourceVersion "1"]
[SourceVersionDate "2021.10.06"]
[SourceQuality "1"]

1. d4 b6 2. e4 Bb7 3. Nc3 e6 4. Bd3 Nf6 5. Nf3 Bb4 6. Bg5 h6 7. Bxf6 Qxf6 8. 0-0 Bxc3 9. bxc3 0-0 10. Nd2 d6 11. f4 Nd7 12. e5 Qe7 13. Qg4 dxe5 14. fxe5 Qg5 15. Qe2 Rad8 16. Ne4 Qe7 17. Rae1 Rde8 18. Qg4 f5 19. exf6 Nxf6 20. Nxf6+ Rxf6 21. Rxf6 Qxf6 22. Rf1 Qg5 23. Qxg5 hxg5 24. Re1 Kf7 25. Kf2 Kf6 26. Kg3 e5 27. Rf1+ Ke6 28. dxe5 Re7 29. c4 Kxe5 30. Rf5+ Kd4 31. Rxg5 a5 32. Kh4 Ba6 33. Rd5+ Kc3 34. c5 Bxd3 35. cxd3 a4 36. cxb6 cxb6 37. Rb5 Re2 38. g4 Rxh2+ 39. Kg5 Rb2 40. Rxb2 Kxb2 41. d4 Kxa2 42. d5 Kb3 43. d6 a3 44. d7 a2 45. d8Q 1/2-1/2

[Event "Mauricie-ch"]
[Site "Trois Rivieres"]
[Date "2007.03.18"]
[Round "5"]
[White "Laptos, Krzysztof"]
[Black "Chartrand, Jean Bruno"]
[Result "1/2-1/2"]
[WhiteElo "2231"]
[BlackElo "1826"]
[PlyCount "72"]
[EventDate "2007.03.16"]
[EventType "swiss"]
[EventRounds "5"]
[EventCountry "CAN"]
[SourceTitle "EXT 2022"]
[Source "ChessBase"]
[SourceDate "2021.10.06"]
[SourceVersion "1"]
[SourceVersionDate "2021.10.06"]
[SourceQuality "1"]

1. d4 Nf6 2. c4 g6 3. Nc3 d5 4. Bg5 Ne4 5. Bh4 Nxc3 6. bxc3 dxc4 7. e4 Bg7 8. Bxc4 c5 9. Ne2 cxd4 10. cxd4 Qa5+ 11. Kf1 Nc6 12. Qb3 0-0 13. Rd1 Qh5 14. Bg3 Na5 15. Qa4 Nxc4 16. Qxc4 Bd7 17. d5 Rac8 18. Qd3 b6 19. f3 g5 20. Kf2 Qg6 21. h4 h6 22. h5 Qh7 23. Rhf1 Kh8 24. Qa3 f5 25. Qxa7 Bb5 26. Qxb6 Bxe2 27. Kxe2 fxe4 28. Qg6 exf3+ 29. gxf3 Qxg6 30. hxg6 Ra8 31. Rd2 Ra3 32. d6 exd6 33. Bxd6 Re8+ 34. Kf2 Ra4 35. Rfd1 Bf6 36. f4 gxf4 1/2-1/2

[Event "Gatineau Monarque blanc"]
[Site "Gatineau"]
[Date "2007.02.13"]
[Round "5"]
[White "Guimond, Michel"]
[Black "Chartrand, Jean Bruno"]
[Result "1-0"]
[WhiteElo "1795"]
[BlackElo "1836"]
[PlyCount "65"]
[EventDate "2007.01.16"]
[EventType "swiss"]
[EventRounds "7"]
[EventCountry "CAN"]
[SourceTitle "EXT 2022"]
[Source "ChessBase"]
[SourceDate "2021.10.06"]
[SourceVersion "1"]
[SourceVersionDate "2021.10.06"]
[SourceQuality "1"]

1. e4 Nf6 2. Nc3 e5 3. Bc4 Nc6 4. a3 Bc5 5. d3 h6 6. f4 a6 7. f5 Ne7 8. Qe2 0-0 9. g4 d5 10. Bb3 dxe4 11. dxe4 Nc6 12. g5 Nd4 13. Qg2 Nh5 14. Bd2 hxg5 15. 0-0-0 Nf4 16. Bxf4 gxf4 17. Ba2 c6 18. Nf3 Qf6 19. Ng5 Bxf5 20. exf5 Qxf5 21. Nge4 f3 22. Qf1 Bb6 23. Kb1 Rad8 24. Rxd4 Bxd4 25. Ng3 Qf4 26. Nce4 Rfe8 27. Qd3 c5 28. Rf1 c4 29. Bxc4 Qe3 30. Rxf3 Qxd3 31. cxd3 Re7 32. Nf5 Re6 33. Nfd6 1-0

[Event "Gatineau Monarque blanc"]
[Site "Gatineau"]
[Date "2007.01.16"]
[Round "1"]
[White "Chirokova, Elena"]
[Black "Chartrand, Jean Bruno"]
[Result "1-0"]
[WhiteElo "1300"]
[BlackElo "1836"]
[PlyCount "40"]
[EventDate "2007.01.16"]
[EventType "swiss"]
[EventRounds "7"]
[EventCountry "CAN"]
[SourceTitle "EXT 2022"]
[Source "ChessBase"]
[SourceDate "2021.10.06"]
[SourceVersion "1"]
[SourceVersionDate "2021.10.06"]
[SourceQuality "1"]

1. e4 c5 2. Nf3 d6 3. Bc4 Nf6 4. Nc3 a6 5. a4 Nc6 6. d3 Bg4 7. 0-0 e6 8. h3 Bh5 9. g4 Nxg4 10. hxg4 Bxg4 11. Bg5 Be7 12. Bf4 Nd4 13. Bg3 h5 14. Qc1 Nxf3+ 15. Kg2 Rh6 16. Rh1 h4 17. Qf4 Rg6 18. Bh2 Ne5 19. Qe3 Bf3+ 20. Kh3 Bg2# 1-0

[Event "Gatineau Nez rouge A"]
[Site "Gatineau"]
[Date "2006.11.28"]
[Round "2"]
[White "Chartrand, Jean Bruno"]
[Black "Guimond, Michel"]
[Result "1-0"]
[WhiteElo "1824"]
[BlackElo "1811"]
[PlyCount "115"]
[EventDate "2006.11.21"]
[EventType "swiss"]
[EventRounds "5"]
[EventCountry "CAN"]
[SourceTitle "EXT 2022"]
[Source "ChessBase"]
[SourceDate "2021.10.06"]
[SourceVersion "1"]
[SourceVersionDate "2021.10.06"]
[SourceQuality "1"]

1. d4 g6 2. c4 Bg7 3. e4 d6 4. Nc3 Nd7 5. Nf3 c6 6. Be2 e5 7. d5 c5 8. 0-0 a6 9. Ne1 Nh6 10. Be3 f5 11. f3 f4 12. Bf2 0-0 13. Nd3 g5 14. b4 b6 15. a4 Nf6 16. a5 g4 17. axb6 g3 18. hxg3 fxg3 19. Bxg3 Nh5 20. Bf2 Qg5 21. Qc1 Nf4 22. Nxf4 exf4 23. bxc5 Bh3 24. g3 Bd4 25. Kh2 dxc5 26. Bxd4 Bxf1 27. Bxc5 Qh5+ 28. Kg1 fxg3 29. Kxf1 Qh1+ 30. Bg1 g2+ 31. Kf2 Ng4+ 32. Kg3 Nf6 33. Bd4 Nh5+ 34. Kf2 Qh4+ 35. Ke3 Kf7 36. Kd2 Rg8 37. c5 Nf4 38. Bc4 g1Q 39. Bxg1 Rg2+ 40. Ne2 Nxe2 41. Bxe2 Rag8 42. Be3 Qh2 43. Rxa6 Rxe2+ 44. Kd3 Rgg2 45. Ra7+ Kg6 46. Qc3 Rxe3+ 47. Kxe3 Qg1+ 48. Kd3 Qd1+ 49. Kc4 Qf1+ 50. Kd4 Qg1+ 51. Ke5 Qh2+ 52. Ke6 Kh6 53. Qe3+ Rg5 54. Rxh7+ Kxh7 55. Qxg5 Qb8 56. Qe7+ Kg6 57. b7 Qg8+ 58. Kd7 1-0

[Event "Gatineau Roger Roy Memorial"]
[Site "Gatineau"]
[Date "2006.10.24"]
[Round "2"]
[White "Chartrand, Jean Bruno"]
[Black "Jani, Louis"]
[Result "1/2-1/2"]
[WhiteElo "1847"]
[BlackElo "1444"]
[PlyCount "134"]
[EventDate "2006.10.17"]
[EventType "swiss"]
[EventRounds "5"]
[EventCountry "CAN"]
[SourceTitle "EXT 2022"]
[Source "ChessBase"]
[SourceDate "2021.10.06"]
[SourceVersion "1"]
[SourceVersionDate "2021.10.06"]
[SourceQuality "1"]

1. d4 f5 2. c4 Nf6 3. Nc3 e6 4. Nf3 Be7 5. Bf4 a6 6. e3 0-0 7. Bd3 Nh5 8. Bg3 Nxg3 9. hxg3 b6 10. Ne5 Qe8 11. Qe2 d6 12. Nf3 Nd7 13. 0-0-0 Nf6 14. e4 g6 15. Rde1 Bd8 16. Qd2 Qd7 17. Kb1 Bb7 18. Ng5 fxe4 19. Ncxe4 Nxe4 20. Nxe4 Bxe4 21. Bxe4 d5 22. Bf3 Bf6 23. Rxe6 c6 24. cxd5 cxd5 25. Rxb6 Ra7 26. Qb4 Qf5+ 27. Ka1 Be7 28. Qb3 Rf6 29. Rb8+ Rf8 30. Qxd5+ Kg7 31. Rxf8 Qxf8 32. Qe5+ Bf6 33. Qe3 Kh8 34. Be4 Re7 35. Qa3 Kg7 36. Kb1 Qb8 37. Rd1 a5 38. Bf3 Rd7 39. Qa4 Rd6 40. Qc4 Qa7 41. Be4 Bxd4 42. f3 Qb6 43. Rd2 Qd8 44. g4 Qf6 45. Qb5 Qd8 46. Qb7+ Kh8 47. Qa8 Kg7 48. Qxd8 Rxd8 49. b3 Kf6 50. Kc2 Ke5 51. g3 Rc8+ 52. Kd3 Rd8 53. Ke2 Rd6 54. Rc2 g5 55. Rc6 Rxc6 56. Bxc6 Kf6 57. Kd3 Be5 58. Be4 h6 59. Kc4 Bxg3 60. Kb5 Be1 61. a4 Ke7 62. Kc5 Kd7 63. Kd5 Ke7 64. Ke5 Bd2 65. Kf5 Kf7 66. Bd5+ Kg7 67. Ke6 Be1 1/2-1/2